[Event "USA-ch"]
[Site "Durango"]
[Date "1992.??.??"]
[Round "8"]
[White "Dzindzichashvili, Roman"]
[Black "Rachels, Stuart"]
[Result "1/2-1/2"]
[WhiteElo "2565"]
[BlackElo "2485"]
[PlyCount "51"]
[EventDate "1992.12.??"]
[EventType "tourn"]
[EventRounds "15"]
[EventCountry "USA"]
[EventCategory "11"]
[SourceTitle "TD"]
[Source "ChessBase"]
[SourceDate "1994.03.01"]
[SourceVersion "1"]
[SourceVersionDate "1994.03.01"]
[SourceQuality "1"]

1. Nf3 d5 2. g3 Nf6 3. Bg2 Bf5 4. 0-0 e6 5. d3 h6 6. Nbd2 Be7 7. b3 0-0 8. Bb2 Bh7 9. e3 a5 10. a3 c5 11. a4 Nc6 12. Re1 Nd7 13. e4 Nb4 14. exd5 exd5 15. Bh3 Nc6 16. Nb1 Bf6 17. Bxf6 Qxf6 18. Na3 Nde5 19. Nxe5 Nxe5 20. Bg2 Rad8 21. Nb5 Nc6 22. Qd2 Nb4 23. Rad1 c4 24. Qe2 cxd3 25. cxd3 Rc8 26. Qe7 1/2-1/2

[Event "USA-ch"]
[Site "Durango"]
[Date "1992.??.??"]
[Round "1"]
[White "Rachels, Stuart"]
[Black "Browne, Walter Shawn"]
[Result "0-1"]
[WhiteElo "2485"]
[BlackElo "2515"]
[PlyCount "76"]
[EventDate "1992.12.??"]
[EventType "tourn"]
[EventRounds "15"]
[EventCountry "USA"]
[EventCategory "11"]
[SourceTitle "TD"]
[Source "ChessBase"]
[SourceDate "1994.03.01"]
[SourceVersion "1"]
[SourceVersionDate "1994.03.01"]
[SourceQuality "1"]

1. e4 c5 2. Nf3 d6 3. d4 cxd4 4. Nxd4 Nf6 5. Nc3 a6 6. a4 Nc6 7. Be2 e5 8. Nxc6 bxc6 9. f4 Qa5 10. 0-0 Be7 11. Kh1 Rb8 12. fxe5 dxe5 13. Bc4 0-0 14. Qe1 Qc7 15. a5 Ne8 16. Qg3 Bb4 17. Be3 Qe7 18. Bb6 Nd6 19. Bd3 Bxc3 20. bxc3 Nb5 21. Bc4 Be6 22. Qxe5 Rfe8 23. Bd3 f6 24. Qg3 c5 25. c4 Nd4 26. Qf2 Bf7 27. Rae1 Rbc8 28. c3 Nc6 29. Bxc5 Qd8 30. Bd4 Qxa5 31. c5 Ra8 32. e5 Qd8 33. exf6 Rxe1 34. Rxe1 Nxd4 35. cxd4 Qxf6 36. Qxf6 gxf6 37. Be4 Rd8 38. Rd1 Bb3 0-1

[Event "USA-ch"]
[Site "Durango"]
[Date "1992.??.??"]
[Round "5"]
[White "Rachels, Stuart"]
[Black "Fedorowicz, John P"]
[Result "1/2-1/2"]
[WhiteElo "2485"]
[BlackElo "2560"]
[PlyCount "76"]
[EventDate "1992.12.??"]
[EventType "tourn"]
[EventRounds "15"]
[EventCountry "USA"]
[EventCategory "11"]
[SourceTitle "TD"]
[Source "ChessBase"]
[SourceDate "1994.03.01"]
[SourceVersion "1"]
[SourceVersionDate "1994.03.01"]
[SourceQuality "1"]

1. e4 c5 2. Nf3 d6 3. d4 cxd4 4. Nxd4 Nf6 5. Nc3 a6 6. a4 e6 7. Be2 Be7 8. 0-0 0-0 9. f4 Qc7 10. Kh1 Rd8 11. f5 e5 12. Nb3 h6 13. Be3 Nbd7 14. Nd2 b6 15. Bc4 Bb7 16. Qe2 Nc5 17. Bf2 d5 18. exd5 Nxd5 19. Bxd5 Bxd5 20. b4 Nd3 21. Bxb6 Qxc3 22. cxd3 Rdc8 23. Ne4 Bxe4 24. Qxe4 Qxb4 25. Qxb4 Bxb4 26. Rab1 a5 27. Rfc1 Rcb8 28. Bc7 Re8 29. Kg1 Ra6 30. Rc4 g6 31. Rf1 Kg7 32. fxg6 Rxg6 33. Rf5 Rg5 34. Rxg5+ hxg5 35. g4 f6 36. Kg2 Kf7 37. Bb6 Re6 38. Bc7 Re8 1/2-1/2

[Event "USA-ch"]
[Site "Durango"]
[Date "1992.??.??"]
[Round "3"]
[White "Rachels, Stuart"]
[Black "Gurevich, Dmitry"]
[Result "1/2-1/2"]
[WhiteElo "2485"]
[BlackElo "2490"]
[PlyCount "97"]
[EventDate "1992.12.??"]
[EventType "tourn"]
[EventRounds "15"]
[EventCountry "USA"]
[EventCategory "11"]
[SourceTitle "TD"]
[Source "ChessBase"]
[SourceDate "1994.03.01"]
[SourceVersion "1"]
[SourceVersionDate "1994.03.01"]
[SourceQuality "1"]

1. e4 c5 2. Nf3 d6 3. d4 cxd4 4. Nxd4 Nf6 5. Nc3 Nc6 6. Bg5 e6 7. Qd2 Be7 8. 0-0-0 0-0 9. Nb3 Qb6 10. f3 Rd8 11. Be3 Qc7 12. Qf2 d5 13. exd5 Nxd5 14. Nxd5 Rxd5 15. Rxd5 exd5 16. Bb5 Na5 17. Bd3 Nxb3+ 18. axb3 a5 19. Qg3 Bd6 20. Qh4 h6 21. g3 Be7 22. Qd4 Qc6 23. Qb6 Be6 24. Bb5 Qc8 25. Rd1 d4 26. Qxd4 Bxb3 27. Rd2 a4 28. Qd7 Bb4 29. Qxc8+ Rxc8 30. Rf2 a3 31. bxa3 Bxa3+ 32. Kb1 Bd5 33. Bd4 Rd8 34. c3 f5 35. Bd3 Be6 36. Re2 Kf7 37. Re5 g6 38. Rb5 Bd5 39. Rxd5 Rxd5 40. Bc4 Ke6 41. Bg7 h5 42. Kc2 b5 43. Bb3 g5 44. h3 g4 45. fxg4 fxg4 46. hxg4 hxg4 47. Bd4 Kd6 48. Bxd5 Kxd5 49. Kd3 1/2-1/2

[Event "USA-ch"]
[Site "Durango"]
[Date "1992.??.??"]
[Round "12"]
[White "Rachels, Stuart"]
[Black "Seirawan, Yasser"]
[Result "1/2-1/2"]
[WhiteElo "2485"]
[BlackElo "2605"]
[PlyCount "39"]
[EventDate "1992.12.??"]
[EventType "tourn"]
[EventRounds "15"]
[EventCountry "USA"]
[EventCategory "11"]
[SourceTitle "TD"]
[Source "ChessBase"]
[SourceDate "1994.03.01"]
[SourceVersion "1"]
[SourceVersionDate "1994.03.01"]
[SourceQuality "1"]

1. e4 c6 2. d4 d5 3. e5 Bf5 4. h4 h5 5. c4 e6 6. Nc3 Ne7 7. Bg5 Qb6 8. Qd2 Nd7 9. Rc1 f6 10. exf6 gxf6 11. Be3 Qa5 12. Nh3 Nb6 13. b3 dxc4 14. bxc4 0-0-0 15. c5 Nbd5 16. Nxd5 Qxd2+ 17. Bxd2 Nxd5 18. Bc4 Bh6 19. Rd1 Bg7 20. Ng1 1/2-1/2

[Event "US Open-92"]
[Site "Los Angeles"]
[Date "1991.??.??"]
[Round "?"]
[White "Goldin, Alexander"]
[Black "Rachels, Stuart"]
[Result "1-0"]
[WhiteElo "2570"]
[BlackElo "2485"]
[PlyCount "95"]
[EventDate "1991.07.28"]
[EventType "swiss"]
[EventRounds "12"]
[EventCountry "USA"]
[SourceTitle "EXT 2000"]
[Source "ChessBase"]
[SourceDate "1999.11.16"]
[SourceVersion "1"]
[SourceVersionDate "1999.11.16"]
[SourceQuality "1"]

1. Nf3 d5 2. g3 Nf6 3. Bg2 Bf5 4. c4 e6 5. Qb3 Na6 6. d3 Nc5 7. Qc2 c6 8. 0-0 a5 9. b3 h6 10. Bb2 Be7 11. Nbd2 0-0 12. a3 Rc8 13. Rac1 Bh7 14. Qb1 b5 15. cxb5 cxb5 16. Ne5 Nfd7 17. Nxd7 Qxd7 18. Bc3 b4 19. axb4 axb4 20. Bd4 f6 21. Bh3 Nb7 22. Qa1 Ra8 23. Qb2 Nd6 24. Rc2 Nb5 25. Nf3 Ra6 26. Ra1 Na3 27. Rcc1 Qb7 28. Qd2 e5 29. Bc5 Rfa8 30. Bxe7 Qxe7 31. Nh4 Rb8 32. d4 exd4 33. Qxd4 Qe5 34. Qxe5 fxe5 35. Rc5 Rd6 36. Rxd5 Rbd8 37. Rxd6 Rxd6 38. Rc1 Bc2 39. Nf5 Rd8 40. Ne7+ Kh8 41. Nc6 Rd2 42. Nxb4 Rd1+ 43. Rxd1 Bxd1 44. Nc6 e4 45. Nd4 Nb1 46. e3 Nd2 47. b4 Ba4 48. b5 1-0

[Event "Interzonal-15"]
[Site "Manila"]
[Date "1990.??.??"]
[Round "5"]
[White "Chandler, Murray G"]
[Black "Rachels, Stuart"]
[Result "1/2-1/2"]
[WhiteElo "2560"]
[BlackElo "2475"]
[PlyCount "47"]
[EventDate "1990.06.29"]
[EventType "swiss"]
[EventRounds "13"]
[EventCountry "PHI"]
[SourceTitle "CBM 019"]
[Source "ChessBase"]
[SourceDate "1990.12.01"]
[SourceVersion "1"]
[SourceVersionDate "1990.12.01"]
[SourceQuality "1"]

1. e4 c5 2. Nf3 Nc6 3. d4 cxd4 4. Nxd4 Nf6 5. Nc3 d6 6. Bc4 Bd7 7. 0-0 e6 8. Bb3 Be7 9. f4 0-0 10. Be3 Nxd4 11. Bxd4 Bc6 12. Qe2 b5 13. Nxb5 Bxb5 14. Qxb5 Nxe4 15. f5 e5 16. Be3 Bg5 17. Qe2 Bxe3+ 18. Qxe3 Nf6 19. Rad1 Qc7 20. h3 a5 21. a4 Rab8 22. Rf2 Qb6 23. Re2 Rfc8 24. g4 1/2-1/2

[Event "USA-ch m"]
[Site "Jacksonville"]
[Date "1990.??.??"]
[Round "2"]
[White "De Firmian, Nick E"]
[Black "Rachels, Stuart"]
[Result "1-0"]
[WhiteElo "2560"]
[BlackElo "2475"]
[PlyCount "87"]
[EventDate "1990.08.??"]
[EventType "k.o."]
[EventRounds "4"]
[EventCountry "USA"]
[SourceTitle "CBM 021"]
[Source "ChessBase"]
[SourceDate "1991.04.01"]
[SourceVersion "1"]
[SourceVersionDate "1991.04.01"]
[SourceQuality "1"]

1. e4 c5 2. Nf3 Nc6 3. d4 cxd4 4. Nxd4 Nf6 5. Nc3 d6 6. Bc4 Qb6 7. Nb3 e6 8. Bg5 Be7 9. 0-0 0-0 10. Bxf6 gxf6 11. Kh1 Ne5 12. Be2 Kh8 13. f4 Ng6 14. a4 Rg8 15. a5 Qc7 16. Qd2 Bd7 17. g3 a6 18. Qe3 Rab8 19. Rfd1 Rgd8 20. h4 Bf8 21. Qd4 Bc6 22. h5 Ne7 23. Qxf6+ Bg7 24. Qxf7 Bxc3 25. bxc3 Rf8 26. Qxe6 Nf5 27. Kh2 Rbe8 28. exf5 Rxe6 29. fxe6 Qe7 30. Nd4 Rxf4 31. Nxc6 Qxe6 32. gxf4 Qxe2+ 33. Kg3 Qe3+ 34. Kg4 Qe6+ 35. f5 Qe4+ 36. Kg5 bxc6 37. Re1 Qg2+ 38. Kf6 Qg7+ 39. Ke6 Qxc3 40. f6 Qh3+ 41. Ke7 Qxh5 42. f7 Qg5+ 43. Ke8 Qg6 44. Re7 1-0

[Event "USA Masters"]
[Site "Chicago"]
[Date "1990.??.??"]
[Round "4"]
[White "Martinovsky, Eugene Simeon"]
[Black "Rachels, Stuart"]
[Result "1/2-1/2"]
[WhiteElo "2340"]
[BlackElo "2380"]
[PlyCount "70"]
[EventDate "1990.??.??"]
[EventType "swiss"]
[EventRounds "7"]
[EventCountry "USA"]
[SourceTitle "EXT 1997"]
[Source "ChessBase"]
[SourceDate "1996.11.15"]
[SourceVersion "1"]
[SourceVersionDate "1996.11.15"]
[SourceQuality "1"]

1. d4 d5 2. c4 dxc4 3. Nf3 Nf6 4. e3 e6 5. Bxc4 c5 6. 0-0 a6 7. dxc5 Bxc5 8. Qxd8+ Kxd8 9. Rd1+ Ke7 10. a3 b5 11. Be2 Bb7 12. b4 Bb6 13. Bb2 Nbd7 14. Nbd2 Rhc8 15. Rac1 h6 16. h3 g5 17. Rxc8 Rxc8 18. Rc1 Rxc1+ 19. Bxc1 Ne4 20. Nxe4 Bxe4 21. Bb2 f6 22. Kf1 Bd5 23. Nd2 f5 24. g3 e5 25. g4 fxg4 26. Bxg4 Nf6 27. Bc8 Be6 28. Bxe6 Kxe6 29. f3 Nd5 30. Ke2 Bc7 31. Ne4 Bb6 32. Bc1 Ne7 33. Nc3 Nf5 34. Kd3 Nh4 35. Ke4 Nf5 1/2-1/2

[Event "Interzonal-15"]
[Site "Manila"]
[Date "1990.??.??"]
[Round "8"]
[White "Rachels, Stuart"]
[Black "Torre, Eugenio"]
[Result "0-1"]
[WhiteElo "2475"]
[BlackElo "2530"]
[PlyCount "120"]
[EventDate "1990.06.29"]
[EventType "swiss"]
[EventRounds "13"]
[EventCountry "PHI"]
[SourceTitle "CBM 019"]
[Source "ChessBase"]
[SourceDate "1990.12.01"]
[SourceVersion "1"]
[SourceVersionDate "1990.12.01"]
[SourceQuality "1"]

1. e4 e5 2. Nf3 Nc6 3. Bb5 Nf6 4. 0-0 Bc5 5. c3 0-0 6. d4 Bb6 7. Bg5 h6 8. Bh4 d6 9. Bxc6 bxc6 10. dxe5 dxe5 11. Qa4 Qd6 12. Na3 Nd7 13. Nc4 Qe6 14. Nxb6 cxb6 15. Rfd1 Nc5 16. Qc2 a5 17. b4 Nb7 18. Nd2 c5 19. a3 Bd7 20. f3 Rfc8 21. Qb2 Ba4 22. Rdc1 Rc7 23. Nf1 Nd6 24. Ne3 Nc4 25. Qf2 Nxe3 26. Qxe3 Bb3 27. Rab1 a4 28. Rb2 Rac8 29. bxc5 Rxc5 30. Rd2 f6 31. Bf2 R5c6 32. Rd3 Bc4 33. Rdd1 b5 34. Be1 Rd6 35. Rxd6 Qxd6 36. Ra1 Rd8 37. h3 Qc7 38. Bf2 Rd3 39. Qc5 Qd7 40. Rc1 Rd2 41. Qa7 Qe8 42. Qc5 Kh7 43. Be3 Rd3 44. Kh2 Qh5 45. Qb6 f5 46. exf5 Qxf5 47. Qc5 Rd5 48. Qe7 Qd3 49. Re1 Qf5 50. Bc1 Bd3 51. Kg1 Bc2 52. Kh2 Qf6 53. Qc7 Bd3 54. Re3 Qf4+ 55. g3 Qf5 56. g4 Qf4+ 57. Kg2 Bc4 58. Rd3 Qxc1 59. Rxd5 Qf1+ 60. Kg3 Qe1+ 0-1

[Event "USA-ch"]
[Site "USA"]
[Date "1989.??.??"]
[Round "5"]
[White "Alburt, Lev O"]
[Black "Rachels, Stuart"]
[Result "1/2-1/2"]
[WhiteElo "2530"]
[BlackElo "2385"]
[PlyCount "49"]
[EventDate "1989.11.??"]
[EventType "tourn"]
[EventRounds "15"]
[EventCountry "USA"]
[EventCategory "12"]
[SourceTitle "CBM 019"]
[Source "ChessBase"]
[SourceDate "1990.12.01"]
[SourceVersion "1"]
[SourceVersionDate "1990.12.01"]
[SourceQuality "1"]

1. d4 d5 2. c4 dxc4 3. e4 e5 4. Nf3 Bb4+ 5. Nc3 exd4 6. Nxd4 Ne7 7. Bxc4 Nbc6 8. Ndb5 Qxd1+ 9. Kxd1 Bg4+ 10. f3 0-0-0+ 11. Ke2 Be6 12. Bxe6+ fxe6 13. Be3 a6 14. Na3 Nd4+ 15. Bxd4 Rxd4 16. Nc2 Bxc3 17. bxc3 Rc4 18. Kd3 Rc5 19. Ne3 Nc6 20. Rac1 Ne5+ 21. Kc2 Ra5 22. Kb1 Rb5+ 23. Kc2 Ra5 24. Kb1 Rb5+ 25. Kc2 1/2-1/2

[Event "USA-ch"]
[Site "USA"]
[Date "1989.??.??"]
[Round "3"]
[White "De Firmian, Nick E"]
[Black "Rachels, Stuart"]
[Result "1/2-1/2"]
[WhiteElo "2595"]
[BlackElo "2385"]
[PlyCount "82"]
[EventDate "1989.11.??"]
[EventType "tourn"]
[EventRounds "15"]
[EventCountry "USA"]
[EventCategory "12"]
[SourceTitle "CBM 019"]
[Source "ChessBase"]
[SourceDate "1990.12.01"]
[SourceVersion "1"]
[SourceVersionDate "1990.12.01"]
[SourceQuality "1"]

1. e4 c5 2. Nf3 Nc6 3. d4 cxd4 4. Nxd4 Nf6 5. Nc3 d6 6. Bc4 Qb6 7. Ndb5 a6 8. Be3 Qa5 9. Nd4 Ng4 10. Nxc6 bxc6 11. Bd2 g6 12. Qe2 Bg7 13. 0-0-0 0-0 14. f4 Qb6 15. h3 Nf6 16. Bb3 Be6 17. e5 Nd5 18. exd6 exd6 19. Nxd5 Bxd5 20. Be3 Qb4 21. Qd2 Qxd2+ 22. Rxd2 Bxb3 23. axb3 Rfe8 24. Bd4 d5 25. Bxg7 Kxg7 26. Rf2 Re4 27. Kd2 f5 28. Ra1 a5 29. c3 c5 30. Kc2 Kf6 31. Ra4 Ke6 32. Rd2 Kd6 33. Ra1 Kc6 34. g3 h5 35. Rg1 Rd8 36. Rf2 Rf8 37. Ra1 Kb6 38. Rd1 Rd8 39. g4 hxg4 40. hxg4 fxg4 41. Rg1 Rf8 1/2-1/2

[Event "USA-ch"]
[Site "USA"]
[Date "1989.??.??"]
[Round "6"]
[White "Rachels, Stuart"]
[Black "Dzindzichashvili, Roman"]
[Result "1/2-1/2"]
[WhiteElo "2385"]
[BlackElo "2545"]
[PlyCount "30"]
[EventDate "1989.11.??"]
[EventType "tourn"]
[EventRounds "15"]
[EventCountry "USA"]
[EventCategory "12"]
[SourceTitle "CBM 019"]
[Source "ChessBase"]
[SourceDate "1990.12.01"]
[SourceVersion "1"]
[SourceVersionDate "1990.12.01"]
[SourceQuality "1"]

1. e4 d6 2. d4 Nf6 3. Nc3 g6 4. Nf3 Bg7 5. Be2 0-0 6. 0-0 c6 7. h3 Qc7 8. Be3 Nbd7 9. a4 b6 10. Qd2 Bb7 11. Bh6 e5 12. Bxg7 Kxg7 13. Rad1 Rad8 14. dxe5 dxe5 15. Qe3 a5 1/2-1/2

[Event "US Open-89"]
[Site "Boston"]
[Date "1988.08.14"]
[Round "7"]
[White "Peters, Jack"]
[Black "Rachels, Stuart"]
[Result "1/2-1/2"]
[WhiteElo "2495"]
[BlackElo "2350"]
[PlyCount "75"]
[EventDate "1988.08.07"]
[EventType "swiss"]
[EventRounds "12"]
[EventCountry "USA"]
[SourceTitle "EXT 2000"]
[Source "ChessBase"]
[SourceDate "1999.11.16"]
[SourceVersion "1"]
[SourceVersionDate "1999.11.16"]
[SourceQuality "1"]

1. e4 c5 2. Nf3 Nc6 3. d4 cxd4 4. Nxd4 Nf6 5. Nc3 d6 6. Bg5 e6 7. Qd2 Be7 8. 0-0-0 Nxd4 9. Qxd4 0-0 10. f4 Qa5 11. Bc4 Bd7 12. Bb3 Bc6 13. Rhf1 h6 14. Bh4 Qh5 15. Bg3 d5 16. exd5 Rfd8 17. Qe5 Qxe5 18. fxe5 Nxd5 19. Nxd5 Bxd5 20. Bxd5 Rxd5 21. Rxd5 exd5 22. Kd2 Bc5 23. Rf3 Rd8 24. Rd3 Bb6 25. Bh4 g5 26. Bg3 Kg7 27. Rf3 Re8 28. Rd3 Rd8 29. a4 f5 30. exf6+ Kxf6 31. Rf3+ Ke6 32. Kd3 h5 33. h3 Rg8 34. Rf1 h4 35. Be1 Bd8 36. g4 hxg3 37. Rg1 Bc7 38. Bxg3 1/2-1/2

[Event "Wch U20"]
[Site "Adelaide"]
[Date "1988.??.??"]
[Round "12"]
[White "Adams, Michael"]
[Black "Rachels, Stuart"]
[Result "1-0"]
[WhiteElo "2460"]
[BlackElo "2350"]
[PlyCount "73"]
[EventDate "1988.09.??"]
[EventType "swiss"]
[EventRounds "13"]
[EventCountry "AUS"]
[SourceTitle "TD"]
[Source "ChessBase"]
[SourceDate "1994.03.01"]
[SourceVersion "1"]
[SourceVersionDate "1994.03.01"]
[SourceQuality "1"]

1. e4 c5 2. Nf3 Nc6 3. d4 cxd4 4. Nxd4 Nf6 5. Nc3 d6 6. Be2 Ng4 7. Bg5 Qb6 8. Bb5 Bd7 9. 0-0 h6 10. Be3 Nxe3 11. fxe3 e6 12. Bxc6 bxc6 13. Qf3 f6 14. Qh5+ Ke7 15. Rad1 Be8 16. Qh3 Bf7 17. b4 Rd8 18. Qg3 Ke8 19. Qh3 e5 20. Ne6 Bxe6 21. Qxe6+ Be7 22. Rd3 Qb7 23. a4 Qd7 24. Qb3 Rf8 25. b5 cxb5 26. axb5 f5 27. exf5 Rxf5 28. Rdd1 Rxf1+ 29. Rxf1 d5 30. e4 Bc5+ 31. Kh1 Qd6 32. Nxd5 Rd7 33. Nc3 Kd8 34. Qg8+ Kc7 35. Qa8 Kb6 36. Ra1 Ba3 37. Qc8 1-0